000 00702nas a2200229 4500
001 BR7201109
003 BR-BrBNA
005 20231205082404.0
007 ta
008 230509b bl.|||p| |||| 00| 00por d
040 _aBR-BrBNA
_bpor
_cBiblioteca Nacional de Agricultura
041 _a(Pt)
072 _aH10
100 1 _aRamalho, F. de S.
245 1 _aNota sobre o serrador da algarobeira, Oncideres saga (Dalman, 1823)(Coleoptera, Cerambycidae)
650 _aALGAROBA
650 _aSERRADOR
650 _aBIOLOGIA
773 0 _tPesquisas Agropecuarias no Nordeste (Brazil)
_x
_g(Jul-Dec 1972), v. 4(2) p. 11-12
_wBR7201109
909 _a202311
_bLúcia
_c55
_dLúcia Elande
942 _2AGRIS
_n0
_cANA
999 _c91385
_d91385